000 00250nam a22000857a 4500
008 170131b xxu||||| |||| 00| 0 eng d
100 _92709
_aWilson. D. L
245 _aTake My Hands- The Remarkaple Strory Of Dr. Many Vargeese
260 _aChennai
_bELS
_c2001
999 _c5872
_d5872